00000000nam##2200000za#4500
0019.619255
003CaOODSP
00520210615103343
007ta
008150406|2008||||xxc|||||     f|0| 0 eng|d
022 |a0706-6473
040 |aCaOODSP|beng
043 |an-cn---
0861 |aFs97-4/2852E
1101 |aCanada. |bDepartment of Fisheries and Oceans.
24514|aThe validity of including turbidity criteria for aquatic resource protection in Land Development Guidelines (Pacific and Yukon region) / |c[by] I.K. Birtwell, M. Farrell, and A. Jonsson.
260 |aVancouver - British Columbia : |bFisheries and Oceans Canada |c2008.
300 |axiii, 72p. : |bfigs., graphs, maps, references, tables ; |c28 cm.
4901 |aCanadian manuscript report of fisheries and aquatic sciences|x0706-6473|v2852
500 |a"Fisheries and Oceans Canada, Habitat Protection and Sustainable Development Division, Oceans, Habitat and Enhancemnt Branch, Suite 200, 401 Burrard Street, Vancouver, British Columbia, V6C 3S4".
546 |a(Résumé en français)
563 |aSoftcover
590 |a09-11|b2009-03-13
7201 |aBirtwell, I. K.
7201 |aFarrell, M.
7201 |aJonsson, A.
7760#|tThe validity of including turbidity criteria for aquatic resource protection in Land Development Guidelines (Pacific and Yukon region) / |w(CaOODSP)9.580149
830#0|aCanadian manuscript report of fisheries and aquatic sciences,|x0706-6473|v2852|w(CaOODSP)9.514688